Chesterfield Properties Plc v SoS Environment et. al.; Kwik Save Group Plc v SoS Environment et. al. (Record no. 54463)
[ view plain ]
| 000 -LEADER | |
|---|---|
| fixed length control field | 01005cab a2200205 4500 |
| 001 - CONTROL NUMBER | |
| control field | X92019 |
| 008 - FIXED-LENGTH DATA ELEMENTS--GENERAL INFORMATION | |
| fixed length control field | 090401t1998 xxu||||| |||| 00| 0 eng d |
| 035 ## - SYSTEM CONTROL NUMBER | |
| System control number | (Sirsi) u86529 |
| 041 ## - LANGUAGE CODE | |
| Language code of text/sound track or separate title | eng |
| 245 ## - TITLE STATEMENT | |
| Title | Chesterfield Properties Plc v SoS Environment et. al.; Kwik Save Group Plc v SoS Environment et. al. |
| 260 ## - PUBLICATION, DISTRIBUTION, ETC. | |
| Date of publication, distribution, etc. | 1998 |
| 350 ## - PRICE (NR) (BK AM CF MU VM SE) [OBSOLETE] | |
| Price | 0 |
| 490 ## - SERIES STATEMENT | |
| Series statement | Journal of Planning and Environment Law |
| Volume/sequential designation | [1998] JPL 568-588(21) |
| 520 ## - SUMMARY, ETC. | |
| Summary, etc. | QBD 24 July 1997. Town centre redevelopment scheme - City Challenge regeneration programme - compulsory acquisition of land - economic viability of sheme - whether condition precedent to confirmation of a compulsory purchase order - application for as statutory judicial review of the confirmation dismissed. Taken from report header. |
| 650 ## - SUBJECT ADDED ENTRY--TOPICAL TERM | |
| Topical term or geographic name entry element | CHESTERFIELD PROPERTIES PLC V SOS ENVIRONMENT ET AL |
| 650 ## - SUBJECT ADDED ENTRY--TOPICAL TERM | |
| Topical term or geographic name entry element | KIWK SAVE GROUP PLC V SOS ENVIRONMENT & STOCKTON-ON-TEES BC |
| 690 ## - LOCAL SUBJECT ADDED ENTRY--TOPICAL TERM (OCLC, RLIN) | |
| Topical term or geographic name as entry element | PLANNING LAW AND PRACTICE-CASE LAW |
| 942 ## - ADDED ENTRY ELEMENTS (KOHA) | |
| Suppress in OPAC | 0 |
| 948 ## - LOCAL PROCESSING INFORMATION (OCLC); SERIES PART DESIGNATOR (RLIN) | |
| c (OCLC) | 02/06/1998 |
| Withdrawn status | Lost status | Source of classification or shelving scheme | Damaged status | Not for loan | Home library | Current library | Shelving location | Date acquired | Total Checkouts | Full call number | Barcode | Date last seen | Copy number | Price effective from | Koha item type |
|---|---|---|---|---|---|---|---|---|---|---|---|---|---|---|---|
| Dewey Decimal Classification | London | London | Journal article | 14/09/1999 | X92019 | 86529-1001 | 06/08/2019 | 1 | 06/08/2019 | Law report |